000
00268nam a2200109Ia 4500
008
220624s9999 xx 000 0 und d
020
_a
0624031497
082
_a
Ref423.3936 JOU
100
_a
P.A Joubert
_9
148395
245
0
_a
Bilingual phrase Dictionary
942
_c
BK
_w
561
_x
John Tresidder
_y
561
_z
John Tresidder
999
_c
684718
_d
684717